Planning for healthy communities (Record no. 78472)
[ view plain ]
| 000 -LEADER | |
|---|---|
| fixed length control field | 01250cab a2200385 4500 |
| 001 - CONTROL NUMBER | |
| control field | L136850 |
| 008 - FIXED-LENGTH DATA ELEMENTS--GENERAL INFORMATION | |
| fixed length control field | 070227n2007 000 0 eng u |
| 035 ## - SYSTEM CONTROL NUMBER | |
| System control number | (Sirsi) u136850 |
| 041 0# - LANGUAGE CODE | |
| Language code of text/sound track or separate title | eng |
| 100 1# - MAIN ENTRY--PERSONAL NAME | |
| Personal name | Grant, Marcus |
| 245 00 - TITLE STATEMENT | |
| Title | Planning for healthy communities |
| 260 ## - PUBLICATION, DISTRIBUTION, ETC. | |
| Date of publication, distribution, etc. | 2007 |
| 490 00 - SERIES STATEMENT | |
| Series statement | Town & Country Planning |
| Volume/sequential designation | 76(2) February 2007, 42-69(28) |
| 520 ## - SUMMARY, ETC. | |
| Summary, etc. | Series of articles looking at the concept of health as a driving factor behind the planning process and the need for the development of sustainable communities by promoting healthier lifestyles and healthier environments. |
| 590 ## - LOCAL NOTE (RLIN) | |
| Local note | KA |
| 651 #4 - SUBJECT ADDED ENTRY--GEOGRAPHIC NAME | |
| Geographic name | United Kingdom |
| Chronological subdivision | |
| 690 ## - LOCAL SUBJECT ADDED ENTRY--TOPICAL TERM (OCLC, RLIN) | |
| Topical term or geographic name as entry element | Planning and development |
| 9 (RLIN) | 6259 |
| 690 ## - LOCAL SUBJECT ADDED ENTRY--TOPICAL TERM (OCLC, RLIN) | |
| Topical term or geographic name as entry element | ENVIRONMENTAL AND LAND CONSULTANCY-SUSTAINABILITY-SUSTAINABLE DEVELOPMENT |
| 700 1# - ADDED ENTRY--PERSONAL NAME | |
| Personal name | Brown, Caroline |
| 700 1# - ADDED ENTRY--PERSONAL NAME | |
| Personal name | Tomlinson, Paul |
| 700 1# - ADDED ENTRY--PERSONAL NAME | |
| Personal name | Plant, Paul |
| 700 1# - ADDED ENTRY--PERSONAL NAME | |
| Personal name | Herriot, Nannerl |
| 700 1# - ADDED ENTRY--PERSONAL NAME | |
| Personal name | Atkinson, Sue |
| 700 1# - ADDED ENTRY--PERSONAL NAME | |
| Personal name | Akerman, Pamela |
| 700 1# - ADDED ENTRY--PERSONAL NAME | |
| Personal name | Higgins, Martin |
| 700 1# - ADDED ENTRY--PERSONAL NAME | |
| Personal name | Barton, Hugh |
| 700 1# - ADDED ENTRY--PERSONAL NAME | |
| Personal name | Cave, Ben |
| 700 1# - ADDED ENTRY--PERSONAL NAME | |
| Personal name | Bond, Alan |
| 700 1# - ADDED ENTRY--PERSONAL NAME | |
| Personal name | Coutts, Adam |
| 700 1# - ADDED ENTRY--PERSONAL NAME | |
| Personal name | Townshend, Tim |
| 700 1# - ADDED ENTRY--PERSONAL NAME | |
| Personal name | Lake, Amelia |
| 700 1# - ADDED ENTRY--PERSONAL NAME | |
| Personal name | Mawle, Angela |
| 700 1# - ADDED ENTRY--PERSONAL NAME | |
| Personal name | Griffiths, Jenny |
| 942 ## - ADDED ENTRY ELEMENTS (KOHA) | |
| Suppress in OPAC | 0 |
| Withdrawn status | Lost status | Source of classification or shelving scheme | Damaged status | Not for loan | Home library | Current library | Shelving location | Date acquired | Total Checkouts | Full call number | Barcode | Date last seen | Copy number | Price effective from | Koha item type |
|---|---|---|---|---|---|---|---|---|---|---|---|---|---|---|---|
| Dewey Decimal Classification | London | London | Journal article | 27/02/2007 | L136850 | 136850-1001 | 06/08/2019 | 1 | 06/08/2019 | Journal article |